Monuments de Rouen par images - Statistiques

Statistiques générales
  • Ce quiz a été pris 293 fois
  • Le résultat moyen est 16 sur 30
Statistiques - réponses
Par images Hint Réponse % Correct
Lieu de culte Cathédrale Notre Dame de Rouen
98%
Bâtiment / mécanisme Le Gros-horloge
97%
Bâtiment Gare Rive Droite
94%
Evénement Armada
87%
Place Place du Vieux-Marché
83%
Musée Musée des Beaux Arts
81%
Bâtiment Hôtel de Ville
80%
Evénement Foire Saint Romain
79%
Bâtiment Palais de Justice
78%
Pont Pont Flaubert
77%
Panorama Côte Sainte Catherine
68%
Place Place Saint Marc
67%
Lieu de culte Eglise Jeanne d'Arc
65%
Bâtiment Théatre des Arts
64%
Bâtiment Donjon / Tour Jeanne d'Arc
57%
Parc Jardin des Plantes
54%
Bâtiment Hôtel du Département
50%
Parc Square Verdrel
42%
Rue Rue Eau de Robec
41%
Lieu de culte Abbatiale Saint Ouen
39%
Place Aître Saint Maclou
35%
Hôtel Hôtel de Bourgtheroulde
34%
Place Place de la Pucelle
25%
Lieu de culte Eglise Saint Sever
24%
Cimetière Cimetière monumental
21%
Musée Historial Jeanne d'Arc
19%
Musée Le Secq des Tournelles
16%
Rue Rue Massacre
15%
Ruine / lieu de culte Maison sublime
9%
Bâtiment(s) Marégraphe
8%
Aucun quiz correspondant
Distribution des résultats
% des personnes avec chaque résultat
Percentile par nombre de réponses
Votre historique - résultats
Vous n’avez pas pris ce quiz